¿Es posible hoy una espiritualidad bíblica? (Registro nro. 69648)
[ vista simple ]
| 000 -LÍDER | |
|---|---|
| Campo fijo de descripción fija | 01214nab a2200217 i 4500 |
| 001 - NÚMERO DE CONTROL | |
| Campo de control | 768714001 |
| 003 - IDENTIFICADOR DEL NÚMERO DE CONTROL | |
| Campo de control | CO-MdFUSB |
| 005 - FECHA Y HORA DE LA ULTIMA TRANSACCIÓN | |
| control field | 20240531062756.0 |
| 008 - ELEMENTOS DE LONGITUD FIJA -- INFORMACIÓN GENERAL | |
| Campo fijo de descripción fija -- Información general | 240509t1969 sp ||||| |||| 00| 0 spa d |
| 040 ## - FUENTE DE CATALOGACIÓN | |
| Idioma de catalogación | spa |
| Agencia que realiza la transcripción | CO-MdFUSB |
| Agencia que realiza la modificación | CO-MdFUSB |
| 041 ## - CÓDIGO DE IDIOMA | |
| Código de idioma para texto/pista de sonido o título separado | spa |
| 100 ## - ASIENTO PRINCIPAL--NOMBRE PERSONAL | |
| Nombre personal | Bouwman, Gijs, |
| Término relacionador | autor |
| 245 ## - TÍTULO | |
| Título | ¿Es posible hoy una espiritualidad bíblica? |
| Mención de responsabilidad | / G. Bouwman |
| 520 ## - NOTA DE RESUMEN, ETC. | |
| Nota de sumario, etc. | En este artículo vamos a examinar la cuestión de si un cristiano del siglo XX puede seguir tomando la Biblia como norma de su vida. Se trata, ante todo, de un problema hermenéutico. La Biblia es un escrito, y un escrito que no entiendo no tiene nada que decirme. Pero la Biblia quiere decirme algo. La Iglesia ha tomado la Biblia como norma y guía de su vida (ése es el primer sentido de la palabra "canon"). De este modo, el problema hermenéutico se convierte en un problema vital. |
| 650 #0 - ASIENTO SECUNDARIO DE MATERIA - TERMINO TEMÁTICO | |
| Término temático o nombre geográfico como elemento de entrada | Vida espiritual |
| 9 (RLIN) | 51 |
| 650 #7 - ASIENTO SECUNDARIO DE MATERIA - TERMINO TEMÁTICO | |
| Término temático o nombre geográfico como elemento de entrada | Cristianismo |
| 9 (RLIN) | 22 |
| 650 #0 - ASIENTO SECUNDARIO DE MATERIA - TERMINO TEMÁTICO | |
| Término temático o nombre geográfico como elemento de entrada | Biblia |
| 9 (RLIN) | 16 |
| 773 0# - ASIENTO DE ITEM FUENTE | |
| Biblionumber | 49450 |
| Itemnumber | 82612 |
| Otro identificador del ítem | R2539 |
| Título | Revista internacional de teología Concilium |
| Número de control del registro | (CO-MdFUSB)8 |
| Número Internacional Normalizado para Publicaciones Seriadas (ISSN) | 0210-1041 |
| Parte(s) relacionada(s) / Volumen., número. (mes año), páginas | Número 49, (noviembre, 1969), páginas: 343 - 358 |
| Enumeración y primera página | página: 343 |
| 942 ## - TIPO DE MATERIAL (KOHA) | |
| Tipo de Item KOHA | Artículos de Revista |
| 945 ## - INFORMACIÓN LOCAL DEL REGISTRO | |
| Catalogador | Catherine Arias Alvarez - Practicante SENA |
No hay ítems disponibles.
